Linie lotnicze posiadające airbusa A380 - Statystyki

Ogólne statystyki
  • Ten quiz został rozwiązany 234 razy
  • Średni wynik to 8 z 14
Statystyki odpowiedzi
Liczba samolotów Linia lotnicza % Poprawnych
123 Emirates
97%
10 Air France
82%
14 Lufthansa
82%
12 British airways
80%
10 Qatar Airways
66%
12 Qantas
62%
10 Etihad
59%
24 Singapore Airlines
52%
10 Korean air
43%
3 ANA
42%
6 Thai
40%
6 Malaysia Airlines
26%
5 China Southern
24%
6 Asiana airlines
21%
Nie znaleziono quizów pasujących do podanych kryteriów
Rozkład punktacji
Procent ludzi z każdym wynikiem
Percentyl według liczby udzielonych odpowiedzi
Twoja historia wyników
Nie rozwiązałeś tego quizu